Mark Twain and his world / (Record no. 200468153)

MARC details
000 -LEADER
fixed length control field 01460cam a2200409 i 4500
001 - CONTROL NUMBER
control field 200468153
003 - CONTROL NUMBER IDENTIFIER
control field TR-AnTOB
005 - DATE AND TIME OF LATEST TRANSACTION
control field 20260416143530.0
007 - PHYSICAL DESCRIPTION FIXED FIELD--GENERAL INFORMATION
fixed length control field ta
008 - FIXED-LENGTH DATA ELEMENTS--GENERAL INFORMATION
fixed length control field 260416s1974 nyuaf b 001 0beng
010 ## - LIBRARY OF CONGRESS CONTROL NUMBER
LC control number 72087659 //r912
020 ## - INTERNATIONAL STANDARD BOOK NUMBER
International Standard Book Number 0671214624
Qualifying information (hardback)
035 ## - SYSTEM CONTROL NUMBER
System control number (NjP)1258054-princetondb
Canceled/invalid control number (OCoLC)1515499
Canceled/invalid control number (NjP)Voyager1258054
System control number (OCoLC)ocm01078271
System control number (TR-AnTOB)200468153
040 ## - CATALOGING SOURCE
Original cataloging agency DLC
Language of cataloging eng
Description conventions rda
Transcribing agency DLC
Modifying agency PUL
-- TR-AnTOB
041 0# - LANGUAGE CODE
Language code of text/sound track or separate title İngilizce
043 ## - GEOGRAPHIC AREA CODE
Geographic area code n-us---
050 04 - LIBRARY OF CONGRESS CALL NUMBER
Classification number PS1331
Item number .K3653 1974
090 ## - LOCALLY ASSIGNED LC-TYPE CALL NUMBER (OCLC); LOCAL CALL NUMBER (RLIN)
Classification number (OCLC) (R) ; Classification number, CALL (RLIN) (NR) PS1331
Local cutter number (OCLC) ; Book number/undivided call number, CALL (RLIN) .K3653 1974
100 1# - MAIN ENTRY--PERSONAL NAME
Personal name Kaplan, Justin
Relator term author
Relator code aut
Authority record control number or standard number http://id.loc.gov/authorities/names/n80046700
9 (RLIN) 153485
245 10 - TITLE STATEMENT
Title Mark Twain and his world /
Statement of responsibility, etc. Justin Kaplan.
264 #1 - PRODUCTION, PUBLICATION, DISTRIBUTION, MANUFACTURE, AND COPYRIGHT NOTICE
Place of production, publication, distribution, manufacture New York :
Name of producer, publisher, distributor, manufacturer Simon and Schuster,
Date of production, publication, distribution, manufacture, or copyright notice [1974]
300 ## - PHYSICAL DESCRIPTION
Extent 224 pages, [16] leaves of plates :
Other physical details illustrations ;
Dimensions 26 cm
336 ## - CONTENT TYPE
Content type term text
Content type code txt
Source rdacontent
337 ## - MEDIA TYPE
Media type term unmediated
Media type code n
Source rdamedia
338 ## - CARRIER TYPE
Carrier type term volume
Carrier type code nc
Source rdacarrier
504 ## - BIBLIOGRAPHY, ETC. NOTE
Bibliography, etc. note Includes bibliographical references and index.
600 10 - SUBJECT ADDED ENTRY--PERSONAL NAME
Personal name Twain, Mark,
Dates associated with a name 1835-1910
Authority record control number or standard number http://id.loc.gov/authorities/names/n79021164
9 (RLIN) 116971
650 #0 - SUBJECT ADDED ENTRY--TOPICAL TERM
Topical term or geographic name entry element Authors, American
Chronological subdivision 19th century
Form subdivision Biography
Authority record control number or standard number http://id.loc.gov/authorities/subjects/sh2007100461
9 (RLIN) 35019
651 #0 - SUBJECT ADDED ENTRY--GEOGRAPHIC NAME
Geographic name United States
General subdivision Civilization
Chronological subdivision 19th century
Authority record control number or standard number http://id.loc.gov/authorities/subjects/sh85139939
9 (RLIN) 153739
942 ## - ADDED ENTRY ELEMENTS (KOHA)
Source of classification or shelving scheme Library of Congress Classification
Koha item type Book
Holdings
Withdrawn status Lost status Source of classification or shelving scheme Damaged status Not for loan Collection code Home library Current library Shelving location Date acquired Source of acquisition Inventory number Total Checkouts Full call number Barcode Date last seen Copy number Date shelved Koha item type Public note
    Library of Congress Classification Kullanılmış / Used Ödünç Verilemez-Kurumiçi kullanım / Not for loan-For inhouse use Genel Koleksiyon Tıp Fakültesi Medikal Kütüphane Tıp Fakültesi Medikal Kütüphane Genel Koleksiyon / Main Collection 18/03/2026 Bağış / Donation İDE   PS1331 .K3653 1974 TıpFaK TF03129 16/04/2026 1 16/04/2026 Book Donated by Prof. Dr. Şükrü Cin
Devinim Yazılım Eğitim Danışmanlık tarafından Koha'nın orjinal sürümü uyarlanarak geliştirilip kurulmuştur.